Drapeaux de pays - niveau difficile - Statistiques

Statistiques générales
  • Ce quiz a été pris 249 fois
  • Le résultat moyen est 13 sur 16
Statistiques - réponses
Par images Réponse % Correct
yemen
91%
palaos
90%
taiwan
87%
turkmenistan
87%
micronesie
86%
comores
85%
kirghizistan
85%
kiribati
83%
iles marshall
82%
djibouti
81%
koweit
79%
nauru
79%
soudan
79%
saint vincent et les grenadines
76%
tuvalu
73%
saint christophe et nieves
71%
Aucun quiz correspondant
Distribution des résultats
% des personnes avec chaque résultat
Percentile par nombre de réponses
Votre historique - résultats
Vous n’avez pas pris ce quiz